000
00259nam a2200109 a 4500
008
090929s1962|||| d
100
1
_a
Abašeli, A.
245
1
0
_a
Neznáma v zrkadle
260
_b
Mladé letá
_a
Brsatislava
_c
1962
041
_a
slo
044
_a
xo
_c
SK
999
_c
209
_d
209